<?xml version="1.0" encoding="UTF-8"?>
<record
    xmlns:xsi="http://www.w3.org/2001/XMLSchema-instance"
    xsi:schemaLocation="http://www.loc.gov/MARC21/slim http://www.loc.gov/standards/marcxml/schema/MARC21slim.xsd"
    xmlns="http://www.loc.gov/MARC21/slim">

  <leader>05013nam a2200529Ia 4500</leader>
  <controlfield tag="001">dia_1034</controlfield>
  <controlfield tag="003">CHAP</controlfield>
  <controlfield tag="005">20240805121550.0</controlfield>
  <controlfield tag="007">ta</controlfield>
  <controlfield tag="008">220117s2016    mx abdofrm    001 0 spa d</controlfield>
  <datafield tag="010" ind1=" " ind2=" ">
    <subfield code="a">177857</subfield>
  </datafield>
  <datafield tag="040" ind1=" " ind2=" ">
    <subfield code="c">CHAP</subfield>
    <subfield code="a">mxchpua</subfield>
    <subfield code="e">rda</subfield>
  </datafield>
  <datafield tag="041" ind1="0" ind2=" ">
    <subfield code="a">spa</subfield>
    <subfield code="b">eng</subfield>
  </datafield>
  <datafield tag="090" ind1=" " ind2=" ">
    <subfield code="a">Tesis </subfield>
    <subfield code="b">A43 </subfield>
    <subfield code="c">2016</subfield>
  </datafield>
  <datafield tag="100" ind1="1" ind2=" ">
    <subfield code="a">Alc&#xE1;ntar Gonz&#xE1;lez, Elizabeth</subfield>
  </datafield>
  <datafield tag="240" ind1="1" ind2="0">
    <subfield code="a">Characterization of box bread made with wheat (Triticum aestivum) flour and nixtamalized muj&#xFA; (Brosimum alicastrum S.). </subfield>
    <subfield code="l">Espa&#xF1;ol</subfield>
  </datafield>
  <datafield tag="245" ind1="1" ind2="0">
    <subfield code="a">Caracterizaci&#xF3;n de pan de caja elaborado con harinas de trigo (Triticum aestivum) y muj&#xFA; (Brosimum alicastrum S.) nixtamalizado /</subfield>
    <subfield code="c">Elizabeth Alcantar Gonz&#xE1;lez y Esther P&#xE9;rez P&#xE9;rez</subfield>
  </datafield>
  <datafield tag="264" ind1=" " ind2=" ">
    <subfield code="a">Chapingo. M&#xE9;xico :</subfield>
    <subfield code="b">El autor,</subfield>
    <subfield code="c">2016</subfield>
  </datafield>
  <datafield tag="300" ind1=" " ind2=" ">
    <subfield code="a">vii, 80 hojas :</subfield>
    <subfield code="b">ilustraciones, mapas, gr&#xE1;ficas, tablas, fotos +</subfield>
    <subfield code="e">1 CD-ROM</subfield>
  </datafield>
  <datafield tag="336" ind1=" " ind2=" ">
    <subfield code="2">rdacontent</subfield>
    <subfield code="a">texto</subfield>
    <subfield code="b">txt</subfield>
  </datafield>
  <datafield tag="337" ind1=" " ind2=" ">
    <subfield code="2">rdamedia</subfield>
    <subfield code="a">no mediado</subfield>
    <subfield code="b">n</subfield>
  </datafield>
  <datafield tag="338" ind1=" " ind2=" ">
    <subfield code="2">rdacarrier</subfield>
    <subfield code="a">volumen</subfield>
    <subfield code="b">nc</subfield>
  </datafield>
  <datafield tag="500" ind1=" " ind2=" ">
    <subfield code="a">El CD contiene reporte</subfield>
  </datafield>
  <datafield tag="502" ind1=" " ind2=" ">
    <subfield code="a">Tesis </subfield>
    <subfield code="b">(Ingeniero Agroindustrial) -- </subfield>
    <subfield code="c">UACh. Departamento de Ingenier&#xED;a Agroindustrial, </subfield>
    <subfield code="d">2016</subfield>
  </datafield>
  <datafield tag="504" ind1=" " ind2=" ">
    <subfield code="a">Bibliograf&#xED;a: hojas 72-78</subfield>
  </datafield>
  <datafield tag="520" ind1="3" ind2=" ">
    <subfield code="a">Con el prop&#xF3;sito de dar a conocer las propiedades nutricionales de la semilla silvestre de Muj&#xFA; (Brosimum alicastrum S.) para aprovecharse como alimento humano. La presente investigaci&#xF3;n consisti&#xF3; en realizar un an&#xE1;lisis bromatol&#xF3;gico a la semilla cruda, elaborar harina Muj&#xFA; nixtamalizado (HMuj&#xFA;N) de acuerdo a Castillo (2014), utilizando el m&#xE9;todo de panificaci&#xF3;n de "Esponja y Masa" se elaboraron panes blancos de caja o molde, con mezclas de HMuj&#xFA;N en las proporciones (0, 5, 10 y 15%) y el complemento fue harina de trigo comercial. A los panes elaborados se les determin&#xF3; sus caracter&#xED;sticas f&#xED;sicas y sensoriales, y composici&#xF3;n bioqu&#xED;mica. Teniendo como resultados: semilla fresca con un contenido de 53.5% de humedad, 10.8% de prote&#xED;na, 2.3% de grasa, 4.1% fibra cruda, 1.5% de cenizas y 81.4% carbohidratos totales. La HMuj&#xFA;N de tama&#xF1;o de part&#xED;cula de 60 Mesh U.S., present&#xF3; 2.5% de humedad, 9.0% de prote&#xED;na, 0.9 % de l&#xED;pidos, 2.83% de fibra y 85.2 % de carbohidratos totales. Finalmente, el pan de caja con caracter&#xED;sticas m&#xE1;s similares al testigo fue el 5% de HMuj&#xFA;N con un rendimiento de 82.8%, volumen con 14% menos que el testigo, color en miga y corteza iguales al testigo, mejor textura de 260g primer d&#xED;a y 18334g el cuarto d&#xED;a de almacenamiento respecto al testigo, mejor aceptabilidad global de 7 (me gusta moderadamente). Composici&#xF3;n bioqu&#xED;mica de 32.9% de humedad, 13.3% de prote&#xED;na, 3.5% de grasa, 0.9% de fibra cruda y 79.3% de carbohidratos totales en base seca. Mientras que los tratamientos 10 y 15% fueron mayormente afectados con la proporci&#xF3;n de HMuj&#xFA;N. --</subfield>
  </datafield>
  <datafield tag="520" ind1="3" ind2=" ">
    <subfield code="a">In order make known the nutritional properties of the wild seed of Muj&#xFA; (Brosimum alicastrum S.) take advantage as human food. The present research consisted of a chemical analysis of the raw seed, elaborated Muj&#xFA; nixtamalized flour (HMuj&#xFA;N) according to Castillo (2014), using the "Sponge and Mass" baking method. Mixtures of HMuj&#xFA;N in proportions (0, 5, 10 and 15%) and the complement was commercial wheat flour. The processed breads were determined their physical and sensorial characteristics, and biochemical composition. The results were as follows: fresh seed with 53.5% moisture content, 10.8% protein, 2.3% fat, 4.1% crude fiber, 1.5% ash and 81.4% total carbohydrates. The 60-mesh U.S. Particle Size HMuj&#xFA; had 2.5% moisture, 9.0% protein, 0.9% lipid, 2.83% fiber and 85.2% total carbohydrates. Finally, box bread with most similar characteristics to the control was 5% HMuj&#xFA;N with a yield of 82.8%, volume with 14% less than the control, color in crumb and crust equal to the control, better texture of 260g first day and 18334g on the fourth day of storage relative to the control, overall better acceptability of 7 (I like moderately). Biochemical composition of 32.9% moisture, 13.3% protein, 3.5% fat, 0.9% crude fiber and 79.3% total carbohydrates on dry basis. While treatments 10 and 15% were mostly affected with the proportion of HMuj&#xFA;N.</subfield>
  </datafield>
  <datafield tag="650" ind1="1" ind2="3">
    <subfield code="a">Harina de trigo  </subfield>
    <subfield code="2">atg</subfield>
  </datafield>
  <datafield tag="650" ind1="1" ind2="3">
    <subfield code="a">Harina</subfield>
    <subfield code="x">Brosimum alicastrum  </subfield>
    <subfield code="2">atg</subfield>
  </datafield>
  <datafield tag="650" ind1="1" ind2="3">
    <subfield code="a">Nixtamalizaci&#xF3;n  </subfield>
    <subfield code="2">atg</subfield>
  </datafield>
  <datafield tag="650" ind1="1" ind2="3">
    <subfield code="a">Productos horneados  </subfield>
    <subfield code="2">atg</subfield>
  </datafield>
  <datafield tag="650" ind1="1" ind2="3">
    <subfield code="a">Flour</subfield>
    <subfield code="x">Brosimum alicastrum</subfield>
    <subfield code="2">atg</subfield>
  </datafield>
  <datafield tag="650" ind1="1" ind2="3">
    <subfield code="a">Baked goods  </subfield>
    <subfield code="2">atg</subfield>
  </datafield>
  <datafield tag="650" ind1="1" ind2="3">
    <subfield code="a">Wheat flour  </subfield>
    <subfield code="2">atg</subfield>
  </datafield>
  <datafield tag="650" ind1="1" ind2="3">
    <subfield code="a">Nixtamalization  </subfield>
    <subfield code="2">atg</subfield>
  </datafield>
  <datafield tag="700" ind1="1" ind2=" ">
    <subfield code="a">P&#xE9;rez P&#xE9;rez, Esther</subfield>
    <subfield code="e">autora</subfield>
  </datafield>
  <datafield tag="700" ind1="1" ind2=" ">
    <subfield code="a">Buend&#xED;a Gonz&#xE1;lez, Mar&#xED;a Ofelia</subfield>
    <subfield code="e">directora</subfield>
  </datafield>
  <datafield tag="700" ind1="1" ind2=" ">
    <subfield code="a">Esparza Torres, F&#xE9;lix</subfield>
    <subfield code="e">asesor</subfield>
  </datafield>
  <datafield tag="700" ind1="1" ind2=" ">
    <subfield code="a">Sosa Montes, Eliseo</subfield>
    <subfield code="e">asesor</subfield>
  </datafield>
  <datafield tag="856" ind1="4" ind2="1">
    <subfield code="u">http://10.13.5.2/tesis/sist113273.pdf</subfield>
    <subfield code="y">DESCARGAR PDF</subfield>
  </datafield>
  <datafield tag="901" ind1=" " ind2=" ">
    <subfield code="a">TESIS A43 2016</subfield>
  </datafield>
  <datafield tag="902" ind1=" " ind2=" ">
    <subfield code="a">M</subfield>
  </datafield>
  <datafield tag="905" ind1=" " ind2=" ">
    <subfield code="a">5232272016                          mx nml 8223123322spa16</subfield>
  </datafield>
  <datafield tag="942" ind1=" " ind2=" ">
    <subfield code="c">TESIS</subfield>
    <subfield code="2">Clasificaci&#xF3;n Universidad Aut&#xF3;noma Chapingo</subfield>
  </datafield>
  <datafield tag="999" ind1=" " ind2=" ">
    <subfield code="c">177857</subfield>
    <subfield code="d">177857</subfield>
  </datafield>
  <datafield tag="952" ind1=" " ind2=" ">
    <subfield code="0">0</subfield>
    <subfield code="1">0</subfield>
    <subfield code="2">local</subfield>
    <subfield code="4">0</subfield>
    <subfield code="5">1</subfield>
    <subfield code="7">0</subfield>
    <subfield code="8">TESIS</subfield>
    <subfield code="a">IA_</subfield>
    <subfield code="b">IA_</subfield>
    <subfield code="d">2022-01-18</subfield>
    <subfield code="e">El autor</subfield>
    <subfield code="l">0</subfield>
    <subfield code="o">Tesis A43 2016</subfield>
    <subfield code="p">1101010390</subfield>
    <subfield code="r">2022-01-18 00:00:00</subfield>
    <subfield code="t">Ej. 2</subfield>
    <subfield code="w">2022-01-18</subfield>
    <subfield code="y">CD</subfield>
  </datafield>
  <datafield tag="952" ind1=" " ind2=" ">
    <subfield code="0">0</subfield>
    <subfield code="1">0</subfield>
    <subfield code="2">local</subfield>
    <subfield code="4">0</subfield>
    <subfield code="5">1</subfield>
    <subfield code="7">0</subfield>
    <subfield code="8">TESIS</subfield>
    <subfield code="a">IA_</subfield>
    <subfield code="b">IA_</subfield>
    <subfield code="d">2022-01-18</subfield>
    <subfield code="e">El autor</subfield>
    <subfield code="l">0</subfield>
    <subfield code="o">Tesis A43 2016</subfield>
    <subfield code="p">1101010389</subfield>
    <subfield code="r">2026-02-02 00:00:00</subfield>
    <subfield code="t">Ej. 1</subfield>
    <subfield code="w">2022-01-18</subfield>
    <subfield code="y">TESIS</subfield>
  </datafield>
  <datafield tag="952" ind1=" " ind2=" ">
    <subfield code="0">0</subfield>
    <subfield code="1">0</subfield>
    <subfield code="2">local</subfield>
    <subfield code="4">0</subfield>
    <subfield code="7">0</subfield>
    <subfield code="8">TesDigL</subfield>
    <subfield code="a">IA_</subfield>
    <subfield code="b">IA_</subfield>
    <subfield code="c">E_L</subfield>
    <subfield code="d">2024-08-05</subfield>
    <subfield code="e">El autor</subfield>
    <subfield code="l">0</subfield>
    <subfield code="p">1201010389</subfield>
    <subfield code="r">2024-08-05 13:28:29</subfield>
    <subfield code="w">2024-08-05</subfield>
    <subfield code="y">TD</subfield>
  </datafield>
</record>
